Industrial Product Desigh of Solids and Liquids (Record no. 2094)

MARC details
000 -LEADER
fixed length control field 00345nam a22001337a 4500
008 - FIXED-LENGTH DATA ELEMENTS--GENERAL INFORMATION
fixed length control field 250304b |||||||| |||| 00| 0 eng d
020 ## - INTERNATIONAL STANDARD BOOK NUMBER
ISBN 97835273335-6
100 ## - MAIN ENTRY--AUTHOR
Author Rahse Wilfred
245 ## - TITLE STATEMENT
Title Industrial Product Desigh of Solids and Liquids
260 ## - PUBLICATION, DISTRIBUTION, ETC. (IMPRINT)
Place of publication Germany
Name of publisher Wiley-VCH
Date of publication 2014
300 ## - COLLATION
Pagination XVI,467P
942 ## - ADDED ENTRY ELEMENTS (KOHA)
Item type Books
050 ## - LIBRARY OF CONGRESS CALL NUMBER
Classification number TS171.4
Item number .I53
Holdings
Source of classification or shelving scheme Not for loan Permanent location Current location Date acquired Accession No. Full call number Barcode. Koha item type
Library of Congress Classification   Samuel Ogbemudia Main Library, University of Abuja Samuel Ogbemudia Main Library, University of Abuja 03/04/2025 2024/63878 TS171.4.I53 2025-0270 Books